[Event "Primera"]
[Site ""]
[Date "2006.??.??"]
[Round "1"]
[White "Laborda Oscar"]
[Black "Carilla Angel"]
[Result "0-1"]
[WhiteElo "1662"]
[BlackElo "1847"]

1.e4 e6 2.Nc3 d5 3.exd5 exd5 4.Bb5+ c6 5.Ba4 Nf6 6.Qe2+ Qe7 7.Qxe7+ Bxe7 8.h3
Na6 9.d4 Bf5 10.a3 Nc7 11.Bg5 O-O 12.Nge2 Rfe8 13.Bxf6 Bxf6 14.O-O-O b5 15.Bb3
a5 16.f3 b4 17.Ng3 Bg6 18.axb4 axb4 19.Na4 Nb5 20.Rhe1 Nxd4 21.Rxe8+ Rxe8 22.
Nc5 Nxb3+ 23.Nxb3 Bh4 24.Nf1 Re2 25.Nd4 Rxg2 26.Nd2 c5 27.N4b3 c4 28.Nd4 Bg5
29.Nc6 c3 0-1

[Event "Primera"]
[Site ""]
[Date "2006.??.??"]
[Round "1"]
[White "Donoso Alejandro"]
[Black "Félez Carlos"]
[Result "1-0"]
[WhiteElo "1786"]
[BlackElo "1695"]

1.e4 d6 2.d4 Nd7 3.Nc3 e5 4.Nf3 Ngf6 5.Bc4 Nb6 6.Bb5+ c6 7.dxe5 Nfd7 8.e6 fxe6
9.Bd3 Be7 10.O-O O-O 11.e5 d5 12.Ne2 Nc5 13.Nf4 Nxd3 14.Qxd3 Rf7 15.Nd4 Qc7
16.Qe2 Bf8 17.Ndxe6 Bxe6 18.Nxe6 Qe7 19.Qg4 Re8 20.Ng5 Qxe5 21.Nxf7 Kxf7 22.
Qf4+ Kg8 23.Qxe5 Rxe5 24.Bf4 Re2 25.Rac1 Nc4 26.Rfe1 Rxe1+ 27.Rxe1 Kf7 28.b3
Nd6 29.Be3 a6 30.Bc5 Nf5 31.Bxf8 Kxf8 32.g4 Nd4 33.Kg2 Nxc2 34.Re5 Nb4 35.a4
a5 36.Kf1 Kf7 37.Ke2 b5 38.axb5 cxb5 39.Kd2 h6 40.Re1 Nc6 41.f4 Nd4 42.Kc3 Nf3
43.Re2 a4 44.bxa4 bxa4 45.Re3 Nh4 46.Kb4 g5 47.fxg5 1-0

[Event "Primera"]
[Site ""]
[Date "2006.??.??"]
[Round "1"]
[White "Charles Eduardo"]
[Black "Abad Jesús Manuel"]
[Result "1-0"]
[WhiteElo "1652"]
[BlackElo "1851"]

1.e4 e6 2.d4 d5 3.e5 c5 4.c3 Nc6 5.Nf3 Bd7 6.Be3 Nge7 7.Bd3 c4 8.Bc2 b5 9.Ng5
Nf5 10.Qf3 Be7 11.Nxf7 Kxf7 12.g4 Rf8 13.gxf5 exf5 14.Qxd5+ Be6 15.Qxc6 Bd5
16.Qxb5 Rb8 17.Qa4 Bxh1 18.Nd2 Kg8 19.O-O-O Bd5 20.Nxc4 f4 21.Bd2 Qc7 22.Bb3
Kh8 23.Kc2 Bc6 24.Qa5 Qd7 25.Na3 Rfc8 26.d5 Bd8 27.Qa6 Bxd5 28.e6 Bxb3+ 29.
axb3 Qd5 30.Qa4 Bg5 31.Re1 Rd8 32.Nc4 Be7 33.Qa5 Qd3+ 34.Kc1 Rxb3 35.Qc7 Rb5
36.Qxe7 Rbd5 37.Qb4 a5 38.e7 Re8 39.Qa4 Qg6 40.Ne5 Qh5 41.Qc6 Rxd2 42.Kxd2 f3
43.Qe6 Qg5+ 44.Re3 1-0

[Event "Primera"]
[Site ""]
[Date "2006.??.??"]
[Round "1"]
[White "Jiménez Alejandro"]
[Black "Lapuente José Manuel"]
[Result "1-0"]
[WhiteElo "1719"]
[BlackElo "1747"]

1.d4 c6 2.c4 d6 3.Nc3 Nf6 4.e4 Nbd7 5.Nf3 g6 6.Be2 Bg7 7.O-O O-O 8.Bf4 Re8 9.
d5 Nh5 10.Bd2 Nc5 11.Qc2 e5 12.Ne1 Nf4 13.Bf3 Qg5 14.Kh1 Qe7 15.b4 Nd7 16.Nd3
Nxd3 17.Qxd3 a6 18.a4 c5 19.bxc5 Nxc5 20.Qc2 Qc7 21.a5 Bd7 22.h3 Qc8 23.Rab1
Bxh3 24.Rb6 Bf8 25.Na4 Bd7 26.Nxc5 dxc5 27.Rfb1 Rb8 28.Qb2 h5 29.Rxb7 Rxb7 30.
Qxb7 Qxb7 31.Rxb7 Ba4 32.Ra7 Bb3 33.Be2 Bc2 34.f3 Rb8 35.Rxa6 Ba4 36.Rb6 Ra8
37.Kg1 Be7 38.Rb2 Ra6 39.Bc3 Be8 40.Rb8 Kf8 41.Bd1 Ra7 42.Ba4 1-0

[Event "Primera"]
[Site ""]
[Date "2006.??.??"]
[Round "1"]
[White "Casterá Rafael"]
[Black "Moreno Laura"]
[Result "0-1"]
[WhiteElo "1672"]
[BlackElo "1710"]

1.e4 e6 2.d4 d5 3.Nd2 Nf6 4.e5 Nfd7 5.Ngf3 c5 6.c3 Nc6 7.Bd3 cxd4 8.cxd4 f6 9.
Nh4 Qe7 10.Qh5+ Kd8 11.Nb3 Qe8 12.Bg6 hxg6 13.Qxh8 Bb4+ 14.Bd2 Bxd2+ 15.Nxd2
Qxh8 16.Ndf3 g5 17.Nf5 exf5 18.O-O g4 0-1

[Event "Primera"]
[Site ""]
[Date "2006.??.??"]
[Round "1"]
[White "Sanz Alberto"]
[Black "Sancho Jesús"]
[Result "0-1"]
[WhiteElo "1860"]
[BlackElo "1686"]

1.e4 e5 2.f4 d5 3.d4 exd4 4.Qxd4 dxe4 5.Qxe4+ Be7 6.Nf3 Nf6 7.Qd3 O-O 8.Be2
Nc6 9.Bd2 Nb4 10.Bxb4 Bxb4+ 11.c3 Qxd3 12.Bxd3 Re8+ 13.Kd2 Bd6 14.g3 Bg4 15.
Nd4 Ne4+ 16.Bxe4 Rxe4 17.h3 Bd7 18.Kd3 Rae8 19.Rg1 c5 20.Nc2 Bf5 21.Nba3 Rd4#
0-1

[Event "Primera"]
[Site ""]
[Date "2006.??.??"]
[Round "1"]
[White "García Obdulio"]
[Black "Beltrán Alfredo"]
[Result "1-0"]
[WhiteElo "1731"]
[BlackElo "1697"]

1.d4 Nf6 2.c4 d5 3.Nc3 c6 4.e3 Bf5 5.Nf3 h6 6.Bd2 e6 7.c5 Be7 8.Be2 b5 9.b4 a5
10.a3 a4 11.Nxb5 cxb5 12.Bxb5+ Kf8 13.Bxa4 Ne4 14.O-O Bg4 15.Bc2 Bxf3 16.gxf3
Nxd2 17.Qxd2 Nc6 18.b5 Na5 19.b6 Qb8 20.Rfb1 Nc4 21.Qb4 Ra6 22.a4 Rxb6 23.Qc3
Rxb1+ 24.Rxb1 Qc7 25.Rb5 g6 26.Bd3 Nd6 27.Qb3 Nc8 28.a5 Kg7 29.a6 Nd6 30.cxd6
Bxd6 31.Qc2 Qe7 32.f4 f5 33.Rb7 1-0

[Event "Primera"]
[Site ""]
[Date "2006.??.??"]
[Round "1"]
[White "Iglesias Luis"]
[Black "Jiménez David"]
[Result "1-0"]
[WhiteElo "1748"]
[BlackElo "1682"]

1.e4 e5 2.Nf3 Nc6 3.Bc4 Bc5 4.d3 h6 5.Be3 Bxe3 6.fxe3 Nf6 7.Nbd2 d6 8.c3 Bg4
9.a4 a6 10.Qb3 d5 11.Bxd5 Nxd5 12.Qxd5 Be6 13.Qxd8+ Rxd8 14.d4 exd4 15.exd4
Bg4 16.d5 Ne7 17.O-O f5 18.c4 fxe4 19.Nxe4 O-O 20.Ne5 Bf5 21.Nc5 Bc8 22.Rxf8+
Rxf8 23.Re1 b6 24.Ncd3 Nf5 25.Ng6 Rd8 26.Ndf4 Nd6 27.Ne7+ Kh7 28.Nxc8 Rxc8 29.
b3 c6 30.Re6 cxd5 31.Rxd6 dxc4 32.bxc4 Rxc4 33.Nd3 Rxa4 34.Rxb6 Ra1+ 35.Kf2 a5
36.Ra6 a4 37.Nc5 a3 38.Nb3 Ra2+ 39.Kg3 h5 40.h4 g6 41.Kh3 Kh6 42.Ra7 g5 43.
Ra6+ Kg7 44.hxg5 h4 45.Nd4 Kg8 46.Nf3 1-0

[Event "Primera"]
[Site ""]
[Date "2006.??.??"]
[Round "1"]
[White "Gregorio Alberto"]
[Black "Tirapo Ana"]
[Result "0-1"]
[WhiteElo "1586"]
[BlackElo "1868"]

1.e4 d5 2.exd5 Nf6 3.Nf3 Nxd5 4.d4 g6 5.Bc4 c6 6.Nc3 Bg7 7.O-O O-O 8.Re1 Bg4
9.Nxd5 cxd5 10.Be2 Nc6 11.c3 Qc7 12.Ne5 Nxe5 13.Bxg4 Nc4 14.Qe2 e6 15.b3 Nb6
16.Bb2 Rfe8 17.Qd3 Rac8 18.Rac1 Bh6 19.Rc2 Nd7 20.Bc1 Bg7 21.Qf3 Nf6 22.Qh3
Qa5 23.b4 Qa4 24.Bd1 Qa6 25.Re3 Rc7 0-1

[Event "Primera"]
[Site ""]
[Date "2006.??.??"]
[Round "1"]
[White "Larrosa Marcos"]
[Black "Quintín Alberto"]
[Result "1/2-1/2"]
[WhiteElo "1676"]
[BlackElo "1792"]

1.d4 Nf6 2.Nf3 c5 3.e3 cxd4 4.exd4 d6 5.Nbd2 g6 6.Bd3 Bg7 7.O-O O-O 8.Re1 a6
9.Ne4 Nbd7 10.Bg5 h6 11.Bxf6 Nxf6 12.Nxf6+ Bxf6 13.Qd2 Bg7 14.h3 b5 15.Be4 Ra7
16.Bd5 Bb7 17.Bxb7 Rxb7 18.Re4 Rc7 19.Rae1 Re8 20.Rh4 h5 21.Qd3 Bf6 22.Rf4 Rf8
23.g4 hxg4 24.Rxg4 Kg7 25.Nh4 Bxh4 26.Rxh4 Rh8 1/2-1/2

[Event "Primera"]
[Site ""]
[Date "2006.??.??"]
[Round "1"]
[White "Juni Marcos"]
[Black "Delso Jaime"]
[Result "1/2-1/2"]
[WhiteElo "1631"]
[BlackElo "1708"]

1.e4 g6 2.d4 Bg7 3.Nf3 Nf6 4.Nc3 d6 5.Be3 O-O 6.Qd2 Ng4 7.h3 Nxe3 8.Qxe3 Nd7
9.g4 c5 10.h4 Qb6 11.O-O-O cxd4 12.Nxd4 Ne5 13.Nd5 Nxg4 14.Nxb6 Nxe3 15.Nxa8
Nxd1 16.Kxd1 Bxd4 17.Nc7 Bxb2 18.Nd5 e6 19.Ne3 Rd8 20.f4 f5 21.exf5 gxf5 22.
Bc4 d5 23.Bb3 Bd4 24.Kd2 Kf7 25.Kd3 Bf6 26.c4 dxc4+ 27.Kxc4 Rd4+ 28.Kc5 Rxf4
29.Kd6 b6 30.Rc1 Be7+ 31.Kc7 Ba6 32.Rc6 Re4 33.Nxf5 Bb5 34.Nxe7 Kxe7 35.Rd6
Bc4 36.Rd7+ Kf6 37.Rxh7 Bxb3 38.axb3 Rb4 39.Kd6 Rxb3 40.Rxa7 Rb5 41.Kc6 Rh5
42.Kxb6 Rxh4 43.Ra1 Ke5 44.Kc5 Re4 45.Rf1 Re2 46.Rh1 Ke4 47.Kc4 e5 48.Rf1 Ke3
49.Kc3 e4 50.Rh1 Rf2 51.Re1+ Kf3 52.Kd4 Rd2+ 53.Kc3 e3 54.Rf1+ Ke2 55.Rh1 Rd8
56.Kc2 Rc8+ 57.Kb2 Kd2 58.Rh7 e2 59.Rd7+ Ke1 60.Re7 Rd8 61.Kc2 Rd2+ 62.Kc1 Rd3
63.Kc2 Rf3 64.Re6 Rf2 65.Rh6 Rg2 66.Rh1+ Kf2 67.Kd2 1/2-1/2

[Event "Primera"]
[Site ""]
[Date "2006.??.??"]
[Round "1"]
[White "Urgel Fernando"]
[Black "Nasarre Tomás"]
[Result "0-1"]
[WhiteElo "1714"]
[BlackElo "1764"]

1.e4 e5 2.Nf3 Nc6 3.Nc3 Nf6 4.d3 h6 5.Be2 Bc5 6.Nxe5 Nxe5 7.d4 Bb4 8.dxe5 Nxe4
9.Qd4 Nxc3 10.Qxb4 Nxe2 11.Kxe2 b6 12.Qg4 Ba6+ 13.c4 Qe7 14.Kd3 O-O-O 15.Re1
f5 16.Qxf5 Rhf8 17.Qe4 d5 18.exd6 Qxd6+ 19.Kc3 Qf6+ 20.Kb3 Rd4 21.Qe6+ Qxe6
22.Rxe6 Rxf2 23.Rg6 Rd3+ 24.Kb4 c5+ 25.Ka4 Bxc4 26.b3 Bd5 27.Rxg7 Bc6+ 28.Ka3
b5 0-1

[Event "Primera"]
[Site ""]
[Date "2006.??.??"]
[Round "1"]
[White "Sacristán Alberto"]
[Black "Marco Eduardo"]
[Result "1/2-1/2"]
[WhiteElo "1612"]
[BlackElo "1682"]

1.e4 e5 2.Nf3 d6 3.d4 Nf6 4.Nc3 Nbd7 5.Bg5 Be7 6.Be2 c6 7.O-O O-O 8.Re1 Re8 9.
Qd2 Qc7 10.a4 a5 11.Bf1 Nf8 12.h3 Ng6 13.d5 h6 14.Be3 c5 15.Bb5 Bd7 16.Qd3 Nh5
17.Bxd7 Qxd7 18.Qb5 Qc8 19.Ne2 f5 20.exf5 Qxf5 21.Qc4 Bf6 22.Nd2 Nhf4 23.Ng3
Qd7 24.Ne2 Qf5 25.Ng3 Qd7 26.Ne2 Qf5 27.Ng3 1/2-1/2

[Event "Primera"]
[Site ""]
[Date "2006.??.??"]
[Round "1"]
[White "Millán David"]
[Black "Lorente Antonio"]
[Result "0-1"]
[WhiteElo "1664"]
[BlackElo "1773"]

1.d4 Nf6 2.c4 g6 3.Nc3 Bg7 4.e4 d6 5.Nf3 O-O 6.Be2 a6 7.O-O c6 8.Bg5 h6 9.Bf4
b5 10.cxb5 cxb5 11.e5 Nh5 12.Be3 dxe5 13.Nxe5 Nf6 14.Bf3 Ra7 15.d5 Rd7 16.Nxd7
Qxd7 17.Qe2 g5 18.g3 Bb7 19.Rad1 e6 20.Bg2 exd5 21.Nxd5 Bxd5 22.Bxd5 Qf5 23.
Bg2 Nbd7 24.Qd3 Qg4 25.f4 gxf4 26.Rxf4 Qe6 27.Rh4 Ne5 28.Qd6 Nf3+ 29.Bxf3
Qxe3+ 30.Kg2 Rc8 31.Qd2 Qe6 32.a4 Qf5 33.Rc1 Re8 34.Rf4 Qg5 35.Qc2 Nd5 36.Bxd5
Qxd5+ 37.Kf1 Qh1+ 38.Kf2 Qxh2+ 39.Kf3 Qh5+ 40.Kg2 Re2+ 41.Qxe2 Qxe2+ 42.Rf2
Qe4+ 43.Kh2 Bd4 44.Rc8+ Kg7 45.Rf4 Qe2+ 46.Kh3 Qe6+ 0-1

[Event "Primera"]
[Site ""]
[Date "2006.??.??"]
[Round "1"]
[White "Gonzalo Jorge"]
[Black "Calvo Rafael"]
[Result "0-1"]
[WhiteElo "1687"]
[BlackElo "1620"]

1.e4 d6 2.d4 Nf6 3.Nc3 g6 4.Nf3 Bg7 5.Be3 c6 6.Be2 O-O 7.Qd2 Ng4 8.Bf4 e5 9.
dxe5 dxe5 10.Qxd8 Rxd8 11.Bg5 Re8 12.h3 Nf6 13.O-O-O Nbd7 14.Nd2 b5 15.g4 Bb7
16.f3 a5 17.h4 Nc5 18.Be3 Bf8 19.h5 b4 20.Ncb1 Ba6 21.Nc4 Nfd7 22.Nbd2 a4 23.
Bf1 Reb8 24.hxg6 fxg6 25.Bg2 b3 26.cxb3 Nd3+ 27.Kc2 Nb4+ 28.Kb1 axb3 29.a3 Nc2
30.Bg5 Bxc4 31.Nxc4 Nb6 32.Nxe5 Nxa3+ 33.bxa3 Rxa3 34.Nd7 Nxd7 35.Rxd7 Bg7 36.
Kc1 Ra1+ 37.Kd2 Rxh1 38.Bf4 Rd1+ 39.Kxd1 b2 40.Rxg7+ Kxg7 41.Be5+ Kf7 42.Bxb2
Rxb2 43.Bf1 Ke6 44.f4 Rf2 45.f5+ gxf5 46.exf5+ Kf6 47.Ke1 Rh2 48.Be2 h5 49.
gxh5 Kxf5 50.Kd2 Ke4 51.h6 Rxh6 52.Bd3+ Kd4 53.Ba6 c5 54.Bb5 c4 55.Kc2 Rh2+
56.Kd1 Kc3 57.Bc6 Kb2 58.Be4 c3 0-1

[Event "Primera"]
[Site ""]
[Date "2006.??.??"]
[Round "1"]
[White "Solana Angel"]
[Black "Rubio Abel"]
[Result "0-1"]
[WhiteElo "1593"]
[BlackElo "1817"]

1.d4 Nf6 2.c4 c5 3.d5 b5 4.b3 g6 5.Bb2 d6 6.Nf3 Qb6 7.e3 bxc4 8.Bxc4 Bg7 9.
Nbd2 O-O 10.h3 Na6 11.O-O Bf5 12.Re1 Nc7 13.e4 Bd7 14.Nf1 Bb5 15.N1d2 a5 16.
Bxb5 Qxb5 17.Nc4 a4 18.Qc2 axb3 19.axb3 Rfb8 20.Rxa8 Nxa8 21.Nfd2 Nc7 22.Ra1
h6 23.Ra5 Qb7 24.Qb1 Ra8 25.Qa2 Nh5 26.Bxg7 Kxg7 27.e5 dxe5 28.Nxe5 Qxd5 29.
Nec4 Nf4 30.Nf3 Nxh3+ 31.Kh2 Nf4 32.Rxa8 Nxa8 33.Qb2+ Kg8 34.b4 Qxc4 35.Qe5
cxb4 36.Qb8+ Kg7 37.Qxa8 Qd5 38.Qa1+ Kh7 39.Qe1 Qd6 40.g3 Ne6 41.Qe3 Qd5 42.
Ne5 f6 43.Nd3 b3 44.Nf4 Nxf4 45.Qxe7+ Kg8 46.Qe8+ Kg7 47.gxf4 Qb7 48.Qe1 b2
49.Qb1 Qb3 50.Qe4 b1=Q 51.Qe7+ Qf7 52.Qe3 Qf8 53.Qg3 Qb7 0-1

[Event "Primera"]
[Site ""]
[Date "2006.??.??"]
[Round "1"]
[White "Planas Alberto"]
[Black "Valladolid Luis"]
[Result "0-1"]
[WhiteElo "1837"]
[BlackElo "1676"]

1.e4 e5 2.Nf3 Nc6 3.d4 exd4 4.Bc4 Na5 5.Bxf7+ Kxf7 6.Ne5+ Ke6 7.Qxd4 Nf6 8.f4
Nc6 9.Nxc6 bxc6 10.Qc4+ Ke7 11.Nc3 a5 12.e5 Nd5 13.Nxd5+ cxd5 14.Qxd5 c6 15.
Qf3 Qb6 16.f5 Kd8 17.Bg5+ Kc7 18.O-O-O Bc5 19.Rhe1 Rf8 20.Qg3 Kb7 21.Qd3 a4
22.e6 dxe6 23.fxe6 a3 24.b3 h6 25.Bh4 Re8 26.Qg3 Be3+ 27.Kb1 Rxe6 28.Qxg7+ Qc7
29.Qc3 Qe5 30.Qxe5 Rxe5 31.Bg3 Re6 32.Rd8 Bg5 33.Rxe6 Bxe6 34.Rxa8 Kxa8 35.Bd6
Bd5 36.g3 Be3 37.Bxa3 c5 38.Bc1 Bg1 39.h4 h5 40.c4 Be4+ 41.Kb2 Bd4+ 42.Ka3 Kb7
43.Bf4 Kc6 44.b4 Bb1 45.b5+ Kb6 46.Kb3 Bd3 47.a4 Bf2 48.Be5 Be2 49.Bf4 Be1 50.
Be5 Bd1+ 51.Ka3 Bb4+ 52.Ka2 Bxa4 53.Kb2 Bd1 54.Ka2 Bf3 55.Kb3 Be4 56.Bf4 Kb7
57.Be5 Kc8 58.Bf4 Kd7 59.Be5 Ke6 60.Bf4 Bf3 61.Bg5 Kf5 62.Be7 Kg4 0-1

[Event "Primera"]
[Site ""]
[Date "2006.??.??"]
[Round "1"]
[White "Bringas Agustín Angel"]
[Black "Glez-Mendoza José Antonio"]
[Result "0-1"]
[WhiteElo "1632"]
[BlackElo "1704"]

1.f4 d5 2.Nf3 Nf6 3.e3 Nc6 4.Be2 d4 5.O-O e6 6.Bb5 dxe3 7.dxe3 Bd7 8.a3 Bc5 9.
b4 Bb6 10.Qe2 Qe7 11.Kh1 O-O 12.Nbd2 a6 13.Ba4 Nd5 14.Bxc6 Bxc6 15.c4 Nxe3 16.
Rg1 Nf5 17.Rf1 Nd4 18.Nxd4 Bxd4 19.Rb1 Bf6 20.Nf3 Rad8 21.Bb2 Rd7 22.Ne5 Bxe5
23.Bxe5 Rfd8 24.Rbd1 Ba4 25.Rde1 Rd2 26.Qg4 Qf8 27.Bc3 R2d3 28.Rf3 Bd1 29.Bxg7
Qxg7 30.Qh4 Bxf3 31.gxf3 Rd1 0-1

[Event "Primera"]
[Site ""]
[Date "2006.??.??"]
[Round "1"]
[White "Mánguez José Luis"]
[Black "Jiménez Luis Javier"]
[Result "1-0"]
[WhiteElo "1825"]
[BlackElo "1529"]

1.d4 d5 2.e4 e6 3.Nc3 c5 4.Nf3 Nc6 5.dxc5 Bxc5 6.exd5 exd5 7.Qxd5 Qe7+ 8.Qe4
Bf5 9.Qxe7+ Ngxe7 10.Na4 Bd6 11.Bd3 Bxd3 12.cxd3 Bb4+ 13.Ke2 Nf5 14.Be3 O-O
15.a3 Bd6 16.Rhe1 Rfe8 17.Kd2 Na5 18.Rad1 Rac8 19.Nc3 b5 20.b4 Nc6 21.Nxb5 a6
22.Nxd6 Nxd6 23.Bc5 Red8 24.Bxd6 Rxd6 25.Re3 Rcd8 26.Rde1 Kf8 27.Ng5 Rh6 28.
Rh3 Rxh3 29.Nxh3 f6 30.Nf4 Kf7 31.Ne6 Rd6 32.Nc5 Ne5 33.Re4 h6 34.h3 g5 35.Ke3
h5 36.f4 1-0

[Event "Primera"]
[Site ""]
[Date "2006.??.??"]
[Round "2"]
[White "Carilla Angel"]
[Black "Martínez Esteban"]
[Result "0-1"]
[WhiteElo "1847"]
[BlackElo "1761"]

1.d4 g6 2.c4 Bg7 3.Nf3 d6 4.e4 Nd7 5.Nc3 e5 6.d5 f6 7.Be3 Nh6 8.Qc1 Nf7 9.Be2
O-O 10.b4 f5 11.Ng5 Nxg5 12.Bxg5 Nf6 13.f3 f4 14.c5 h6 15.Bh4 g5 16.Bf2 a6 17.
a4 Bd7 18.Bc4 Kh8 19.b5 axb5 20.axb5 Be8 21.Ke2 Bh5 22.Qb2 Rxa1 23.Rxa1 g4 24.
b6 cxb6 25.Qxb6 Qd7 26.Qxd6 gxf3+ 27.gxf3 Qh3 28.Rf1 Qxf3+ 29.Kd2 Nxe4+ 30.
Nxe4 Qxe4 31.Bd3 Qb4+ 32.Kc1 e4 0-1

[Event "Primera"]
[Site ""]
[Date "2006.??.??"]
[Round "2"]
[White "Colom Eduardo"]
[Black "Donoso Alejandro"]
[Result "0-1"]
[WhiteElo "1808"]
[BlackElo "1786"]

1.e4 c5 2.Nf3 e6 3.d4 cxd4 4.Nxd4 a6 5.Nc3 Qc7 6.Be2 Nf6 7.O-O b5 8.e5 Qxe5 9.
Re1 Qc7 10.Bf3 Bb7 11.Bg5 Nc6 12.Bxf6 gxf6 13.Nd5 Qd8 14.Nf5 Ne5 15.Rxe5 fxe5
16.Qe2 d6 17.Nf6+ Qxf6 18.Bxb7 Rb8 19.Bc6+ Kd8 20.Ng3 d5 21.a4 e4 22.Rd1 Kc7
23.axb5 axb5 24.Bxb5 Bc5 25.Nxe4 dxe4 26.c4 Rhd8 27.Ra1 Ra8 28.Rb1 Qd4 29.Kh1
Ra2 30.Qh5 Rxb2 31.Rc1 Qxf2 32.Qe5+ Rd6 33.Qxe4 Rbd2 34.h3 Rd1+ 35.Rxd1 Rxd1+
0-1

[Event "Primera"]
[Site ""]
[Date "2006.??.??"]
[Round "2"]
[White "Domínguez Alejandro"]
[Black "Jiménez Alejandro"]
[Result "0-1"]
[WhiteElo "1779"]
[BlackElo "1719"]

1.d4 d5 2.c4 e6 3.Nc3 c6 4.Nf3 f5 5.Bg5 Nf6 6.e3 Be7 7.Ne5 O-O 8.Bd3 Nbd7 9.
Nf3 h6 10.Bf4 Ne4 11.O-O g5 12.Be5 g4 13.Nd2 Nxd2 14.Qxd2 Nxe5 15.dxe5 dxc4
16.Rfd1 cxd3 17.Qxd3 Qxd3 18.Rxd3 Rd8 19.Rad1 Rxd3 20.Rxd3 Kf8 21.Ne2 b6 22.
Nf4 Ke8 0-1

[Event "Primera"]
[Site ""]
[Date "2006.??.??"]
[Round "2"]
[White "Moreno Laura"]
[Black "Garreta Javier"]
[Result "1-0"]
[WhiteElo "1710"]
[BlackElo "1680"]

1.e4 e5 2.Nf3 d5 3.exd5 e4 4.Qe2 Qe7 5.Nd4 Nf6 6.Nc3 a6 7.d3 exd3 8.Qxe7+ Bxe7
9.Bxd3 O-O 10.O-O b5 11.a3 Bb7 12.Nf5 Bc5 13.Ne4 Nxe4 14.Bxe4 Re8 15.Bf3 Nd7
16.Be3 Bxe3 17.Nxe3 Nf6 18.a4 b4 19.a5 Rab8 20.Rfd1 Re5 21.Nc4 Re7 22.d6 cxd6
23.Bxb7 Rexb7 24.Rxd6 Ra7 25.Rad1 h6 26.Rc6 Ne8 27.Kf1 Kf8 28.Nb6 Ke7 29.Rc4
Nd6 30.Rxb4 Rd8 31.Rbd4 Nb7 32.Rxd8 Nxd8 33.Nc8+ 1-0

[Event "Primera"]
[Site ""]
[Date "2006.??.??"]
[Round "2"]
[White "Sancho Jesús"]
[Black "Iglesias Luis"]
[Result "0-1"]
[WhiteElo "1686"]
[BlackElo "1748"]

1.e4 e6 2.d4 d5 3.e5 c5 4.c3 Nc6 5.Nf3 Qb6 6.Be2 cxd4 7.cxd4 Nh6 8.O-O Nf5 9.
Nc3 Nfxd4 10.Nxd4 Qxd4 11.Bb5 Qxd1 12.Rxd1 Bd7 13.Nxd5 exd5 14.Rxd5 a6 15.Ba4
b5 16.Bb3 Be6 17.Rd3 Bxb3 18.axb3 Be7 19.Rc3 Nxe5 20.Bf4 Ng6 21.Be3 O-O 22.Rc6
Rfd8 23.f4 Rd6 24.Rc7 Bf6 25.f5 Nf8 26.Bc5 Bxb2 27.Rb1 Bd4+ 28.Bxd4 Rxd4 29.
Re1 Rad8 30.Kf2 Rf4+ 31.Kg3 Rxf5 32.Kg4 Rf6 33.Ree7 Rd4+ 34.Kh3 Rd3+ 35.g3
Rxb3 36.Re8 Re6 37.Ra8 f5 38.Raa7 Rg6 39.Ra8 Rb2 40.Kh4 Rxh2# 0-1

[Event "Primera"]
[Site ""]
[Date "2006.??.??"]
[Round "2"]
[White "Tirapo Ana"]
[Black "Teixidó Benedí Andrés"]
[Result "1-0"]
[WhiteElo "1868"]
[BlackElo "1692"]

1.Nf3 d5 2.g3 h5 3.d3 Nc6 4.Bg2 e5 5.Nbd2 Bg4 6.h3 Be6 7.e4 Nf6 8.Ng5 Qd7 9.
Nxe6 Qxe6 10.h4 Ng4 11.exd5 Qf6 12.Ne4 1-0

[Event "Primera"]
[Site ""]
[Date "2006.??.??"]
[Round "2"]
[White "Calvo Rafael"]
[Black "Añaños Diego"]
[Result "1/2-1/2"]
[WhiteElo "1620"]
[BlackElo "1658"]

1.d4 Nf6 2.c4 e6 3.Bg5 Be7 4.Nc3 d5 5.e3 O-O 6.cxd5 exd5 7.Bd3 Nbd7 8.Nf3 c6
9.O-O Re8 10.Qc2 Nf8 11.Ne5 h6 12.Bh4 N6d7 13.Bxe7 Qxe7 14.f4 Nf6 15.Rf3 Ng4
16.Re1 Qh4 17.g3 Qh5 18.Nxg4 Bxg4 19.Rf2 Bh3 20.Be2 Qg6 21.Qxg6 Nxg6 22.Bf3 f5
23.Bg2 Bxg2 24.Kxg2 Re6 25.Rfe2 Nf8 26.b4 Nd7 27.b5 Nf6 28.h3 Ne4 29.Rc1 Nxc3
30.Rxc3 cxb5 31.Rd3 a6 32.Kf3 Rae8 33.Rc3 Rc6 34.Rec2 Rec8 35.Rxc6 bxc6 36.g4
g6 37.gxf5 gxf5 38.h4 h5 39.Rg2+ 1/2-1/2

[Event "Primera"]
[Site ""]
[Date "2006.??.??"]
[Round "2"]
[White "Nasarre Tomás"]
[Black "Charles Eduardo"]
[Result "1-0"]
[WhiteElo "1764"]
[BlackElo "1652"]

1.d4 e6 2.e4 c5 3.Be3 cxd4 4.Bxd4 Nc6 5.Bc3 Nf6 6.Bd3 Bc5 7.Qf3 e5 8.Qg3 Nh5
9.Qf3 g6 10.g4 Ng7 11.Qg3 d6 12.f4 O-O 13.Bd2 Qb6 14.Nc3 exf4 15.Qg2 Be3 16.
O-O-O Be6 17.Nge2 Nb4 18.Nxf4 Nxd3+ 19.Nxd3 Bxd2+ 20.Kxd2 Bc4 21.Qf2 Qd8 22.h4
b5 23.Nb4 a5 24.Nbd5 b4 25.Nf6+ Kh8 26.Ncd5 Bxa2 27.b3 a4 28.Qf4 axb3 29.Qh6
1-0

[Event "Primera"]
[Site ""]
[Date "2006.??.??"]
[Round "2"]
[White "Lorente Antonio"]
[Black "García Obdulio"]
[Result "1/2-1/2"]
[WhiteElo "1773"]
[BlackElo "1731"]

1.e4 d6 2.d4 g6 3.Nc3 Bg7 4.Nf3 Nf6 5.Be3 Bg4 6.h3 Bxf3 7.Qxf3 Nbd7 8.Bc4 e6
9.O-O O-O 10.a3 a6 11.Rfd1 e5 12.Ne2 Qe7 13.Ng3 exd4 14.Bxd4 Ne5 15.Bxe5 dxe5
16.Rd2 Rad8 17.Rad1 Rxd2 18.Rxd2 Rd8 19.Rxd8+ Qxd8 20.Qb3 Qd7 21.Bd3 b5 22.Qc3
Qd6 23.Qa5 c5 24.b3 h5 25.a4 c4 26.bxc4 bxc4 27.Bxc4 Qd1+ 28.Kh2 Qxc2 29.Qxa6
Qxf2 30.Qb7 h4 31.Qxf7+ Kh7 32.Ne2 Nxe4 33.Qxf2 Nxf2 34.a5 Bf8 35.a6 Bc5 36.
Nc1 Ne4 37.Nb3 Bb6 38.Na5 Nd6 39.Be2 Nc8 40.Nc6 Na7 41.Ne7 Bc5 42.Nd5 Kg7 43.
Nc7 Kf6 44.Nd5+ Kf5 45.Bg4+ Ke4 46.Bf3+ Kd3 47.Nf6 Bd4 48.Be4+ Kc4 49.Bxg6 Be3
50.g3 hxg3+ 51.Kxg3 Bg5 52.Ne4 Bf4+ 53.Kf3 Kb5 54.h4 Kxa6 1/2-1/2

[Event "Primera"]
[Site ""]
[Date "2006.??.??"]
[Round "2"]
[White "Rubio Abel"]
[Black "Valladolid Luis"]
[Result "1-0"]
[WhiteElo "1817"]
[BlackElo "1676"]

1.d4 d5 2.Nf3 Nf6 3.Bg5 Ne4 4.Bh4 h6 5.Nfd2 Nd6 6.f3 Nf5 7.Bf2 Nc6 8.c3 e6 9.
e4 Nd6 10.Bd3 Be7 11.O-O O-O 12.e5 Nf5 13.f4 Nh4 14.Qg4 f5 15.exf6 Bxf6 16.
Bxh4 Bxh4 17.Qg6 Rf7 18.Qh7+ Kf8 19.Bg6 Bf6 20.Bxf7 Kxf7 21.Nf3 b6 22.Ne5+
Nxe5 23.fxe5 Ba6 24.Rf2 Qg8 25.Qxg8+ Rxg8 26.exf6 gxf6 27.Nd2 c5 28.Rc1 Rg4
29.Nf3 Ke7 30.b4 Kd6 31.a4 Bd3 32.Ne1 Bf5 33.Nc2 Bxc2 34.Rfxc2 cxd4 35.cxd4
Rxd4 36.Rc6+ Ke5 37.Re1+ Kf5 38.Rexe6 Rxb4 39.Rxf6+ Ke4 40.Rce6+ Kd3 41.Rf3+
Kd2 42.a5 bxa5 43.Kf2 d4 44.Re2+ Kd1 45.Ra3 Rb1 46.Rd3+ Kc1 47.Rxd4 Rb4 48.
Rdd2 1-0

[Event "Primera"]
[Site ""]
[Date "2006.??.??"]
[Round "2"]
[White "Glez-Mendoza José Antonio"]
[Black "Lera José Carlos"]
[Result "0-1"]
[WhiteElo "1704"]
[BlackElo "1590"]

1.d4 d5 2.Nf3 e6 3.e3 c5 4.c3 Nf6 5.Bd3 cxd4 6.exd4 Be7 7.Nbd2 O-O 8.O-O b6 9.
Ne5 Qc7 10.f4 Ba6 11.Bxa6 Nxa6 12.Qe2 Nb8 13.g4 Nfd7 14.Ndf3 Nc6 15.Bd2 Ncxe5
16.fxe5 Rac8 17.b3 Rfe8 18.Rac1 Nf8 19.g5 Ng6 20.h4 Ba3 21.Rc2 Ne7 22.Bc1 Bxc1
23.Rfxc1 Nf5 24.Kg2 Qe7 25.Kh3 Rc6 26.Rg1 g6 27.Nh2 Rec8 28.Qd3 Qd8 29.Ng4
R8c7 30.Nf6+ Kg7 31.Kg4 Qc8 32.Rgc1 h5+ 33.gxh6+ Nxh6+ 34.Kh3 Nf5 35.h5 Qh8
36.Rg1 Rc8 37.c4 dxc4 38.bxc4 Qh6 39.Rg4 Qe3+ 40.Rg3 Qxd3 41.Rxd3 Rxc4 42.Rcd2
Rc3 43.Kg4 Rxd3 44.Rxd3 Rc4 45.Kg5 gxh5 46.Nxh5+ Kf8 47.d5 Rd4 48.Rxd4 Nxd4
49.d6 Nc6 50.Kf6 Nb8 51.Ng7 Nd7+ 0-1

[Event "Primera"]
[Site ""]
[Date "2006.??.??"]
[Round "2"]
[White "Pérez José María"]
[Black "Mánguez José Luis"]
[Result "1/2-1/2"]
[WhiteElo "1604"]
[BlackElo "1825"]

1.e4 d5 2.d3 dxe4 3.d4 Nf6 4.c3 c5 5.Bb5+ Nc6 6.Ne2 a6 7.Bxc6+ bxc6 8.Qa4 Qb6
9.dxc5 Qxc5 10.Be3 Qb5 11.Qc2 Qd3 12.Qa4 Qb5 13.Qc2 e5 14.Ng3 Qd3 15.Qxd3 exd3
16.Nd2 Nd5 17.Nc4 Nxe3 18.Nxe3 Be6 19.O-O g6 20.b3 f5 21.Nd1 Ba3 22.Rb1 Bc5
23.Kh1 h5 24.Re1 Bd6 25.Nb2 d2 26.Re2 O-O-O 27.Rd1 Ba3 28.Na4 Bc1 29.Nf1 e4
30.Nxd2 Rxd2 31.Rexd2 Bxd2 32.Rxd2 Rd8 33.Rxd8+ Kxd8 34.Nc5 Bc8 35.g3 Ke7 36.
Kg2 Kd6 37.Na4 Be6 38.Nb6 Ke5 39.f4+ exf3+ 40.Kxf3 g5 41.Na4 Bd5+ 42.Ke3 f4+
43.gxf4+ gxf4+ 44.Ke2 a5 45.h3 h4 46.Nc5 Bg2 47.Nd3+ Kf5 1/2-1/2

[Event "Primera"]
[Site ""]
[Date "2006.??.??"]
[Round "2"]
[White "Bosque José Luis"]
[Black "Lozano Francisco"]
[Result "1-0"]
[WhiteElo "1784"]
[BlackElo "1675"]

1.d4 d5 2.Nf3 Nf6 3.g3 e6 4.Bg2 c5 5.c3 Nbd7 6.O-O Bd6 7.Nbd2 O-O 8.Qc2 Rb8 9.
Re1 Qc7 10.e4 Nxe4 11.Nxe4 dxe4 12.Rxe4 Nf6 13.Rh4 Re8 14.Bg5 Qd8 15.dxc5 h6
16.Bxf6 Qxf6 17.cxd6 Bd7 18.Rf4 Qd8 19.Ne5 Rf8 20.Nxd7 Qxd7 21.Rd1 Rbc8 22.Qa4
Rfd8 23.Qxa7 Ra8 24.Qxb7 e5 25.Qxd7 Rxd7 26.Bxa8 exf4 27.gxf4 1-0

[Event "Primera"]
[Site ""]
[Date "2006.??.??"]
[Round "2"]
[White "Tello Rafael"]
[Black "Gimeno José Andrés"]
[Result "1-0"]
[WhiteElo "1578"]
[BlackElo "1777"]

1.e4 g6 2.d4 Bg7 3.Be3 c5 4.Nc3 cxd4 5.Bxd4 Nf6 6.e5 Nh5 7.g3 Nc6 8.Be2 Nxd4
9.Qxd4 Qa5 10.f4 O-O 11.b4 Qc7 12.Nd5 Qd8 13.Nf3 d6 14.Rd1 Bf5 15.Qe3 Bh8 16.
exd6 e6 17.Ne7+ Kg7 18.Ne5 Nf6 19.g4 Bxc2 20.g5 Nd5 21.Rxd5 exd5 22.Qh3 h5 23.
Bxh5 Qxd6 24.Bxg6 Qxb4+ 25.Ke2 Qb5+ 26.Kd2 Qb4+ 27.Kxc2 Rfc8+ 28.Nxc8 Rxc8+
29.Qxc8 Qxf4 30.Qf5 1-0